[Event "Alberta-ch Reserves"]
[Site "Edmonton"]
[Date "2012.04.08"]
[Round "5"]
[White "Borger, Rocky"]
[Black "Frier, Ken"]
[Result "1-0"]
[WhiteElo "1373"]
[BlackElo "1484"]
[PlyCount "63"]
[EventDate "2012.04.07"]
[EventType "swiss"]
[EventRounds "5"]
[EventCountry "CAN"]
[SourceTitle "EXT 2022"]
[Source "ChessBase"]
[SourceDate "2021.10.06"]
[SourceVersion "1"]
[SourceVersionDate "2021.10.06"]
[SourceQuality "1"]

1. d4 Nf6 2. c4 g6 3. Nc3 Bg7 4. Bg5 0-0 5. Qd2 Re8 6. Nf3 d6 7. e4 Nfd7 8. Bd3 b6 9. h3 e5 10. d5 Bb7 11. Bh6 Bh8 12. g4 Nf8 13. Ng5 Re7 14. f3 Nfd7 15. h4 Nf6 16. h5 Bc8 17. 0-0-0 Qe8 18. Rdg1 c6 19. Rh4 cxd5 20. cxd5 Na6 21. hxg6 fxg6 22. Nh3 Nc5 23. Bc2 Rb8 24. f4 exf4 25. Qxf4 Ncxe4 26. Nxe4 Nxe4 27. Rf1 Rf7 28. Qxf7+ Qxf7 29. Rxf7 Bb7 30. Rxb7 Rxb7 31. Bxe4 Bf6 32. Bg5 1-0